| 000 | 00490nam a2200181Ia 4500 | ||
|---|---|---|---|
| 001 | 15877 | ||
| 005 | 20260306170228.0 | ||
| 008 | 260306t2018||||xx |||||||||||||| ||und|| | ||
| 041 | _aESP | ||
| 082 |
_a620.112 _bP43 |
||
| 100 |
_aPerles, Pedro _eAUT |
||
| 245 | 0 |
_aTemas de resistencia de materiales: _bintroducción a nueva norma CIRSOC 301-05 y CIRSOC 601-05-13 |
|
| 260 | _c2018 | ||
| 300 |
_a135 páginas : _c28 cm. |
||
| 650 | _aGEN | ||
| 654 | _aCII | ||
| 942 |
_cLIB _dJUS _fJUS _2ddc _n |
||
| 999 |
_c15877 _d15877 |
||